| 000 | 00546nam a2200169 4500 | ||
|---|---|---|---|
| 001 | 139461 | ||
| 003 | ES-MaACL | ||
| 005 | 20230906195818.0 | ||
| 007 | t| | ||
| 008 | 070214s1958 sp r ||||1| spa d | ||
| 100 | 1 |
_aSchapiro, Meyer. _9104234 |
|
| 245 | 1 | 0 |
_aVincent van Gogh / _cMeyer Schapiro ; traducción de Margarita Fontseré de Petit. |
| 260 |
_aBarcelona [etc.] : _bLabor, _c[1958] |
||
| 300 |
_a130 p., 50 lám. col. : _bil. = retr. aut. ; _c32 cm. |
||
| 700 | 0 |
_aFontseré, Margarita. _951656 |
|
| 852 |
_aES-MaACL _jC-14364 _bR.42280 |
||
| 999 |
_c139461 _d139461 |
||